[Event "Belgrade-chTB Quality"]
[Site "Belgrade"]
[Date "2018.10.28"]
[Round "10.2"]
[White "Lazic, Ljubisa V"]
[Black "Ilic, Slobodan R"]
[Result "0-1"]
[WhiteElo "2155"]
[BlackElo "2077"]
[PlyCount "56"]
[EventDate "2018.09.29"]
[EventType "team-tourn"]
[EventRounds "11"]
[EventCountry "SRB"]
[SourceTitle "CBM 187 Extra"]
[Source "ChessBase"]
[SourceDate "2018.11.04"]
[SourceVersion "1"]
[SourceVersionDate "2018.11.04"]
[SourceQuality "1"]
[WhiteTeam "Belgrade EDB"]
[BlackTeam "Belgrade Borca"]
[WhiteTeamCountry "SRB"]
[BlackTeamCountry "SRB"]

1. d4 Nf6 2. Nf3 c5 3. c3 e6 4. Bf4 Nc6 5. e3 cxd4 6. exd4 Be7 7. Nbd2 0-0 8. Nc4 d6 9. Bd3 b5 10. Ne3 Rb8 11. Bg5 h6 12. Bxf6 Bxf6 13. a3 e5 14. dxe5 Nxe5 15. Be4 Nc4 16. 0-0 Nxe3 17. fxe3 Qe7 18. Qd3 Re8 19. Nd2 Be6 20. Rfe1 Bc4 21. Qc2 Rec8 22. Nxc4 Rxc4 23. Bd5 Rc5 24. Rad1 b4 25. Qb3 a5 26. axb4 axb4 27. e4 Qa7 28. Ra1 Ra5+ 0-1

[Event "Belgrade-chTB Quality"]
[Site "Belgrade"]
[Date "2018.10.27"]
[Round "9.5"]
[White "Radojkovic, Vladica R"]
[Black "Ilic, Slobodan R"]
[Result "0-1"]
[WhiteElo "1984"]
[BlackElo "2077"]
[PlyCount "62"]
[EventDate "2018.09.29"]
[EventType "team-tourn"]
[EventRounds "11"]
[EventCountry "SRB"]
[SourceTitle "CBM 187 Extra"]
[Source "ChessBase"]
[SourceDate "2018.11.04"]
[SourceVersion "1"]
[SourceVersionDate "2018.11.04"]
[SourceQuality "1"]
[WhiteTeam "Belgrade Rakovica"]
[BlackTeam "Belgrade Borca"]
[WhiteTeamCountry "SRB"]
[BlackTeamCountry "SRB"]

1. d4 Nf6 2. Nf3 c5 3. c3 e6 4. Bg5 Qb6 5. Qc1 Ne4 6. Bf4 cxd4 7. cxd4 Nc6 8. e3 g5 9. Bg3 Bb4+ 10. Nfd2 h5 11. f3 Nxg3 12. hxg3 d5 13. Be2 Bd7 14. Nc3 0-0-0 15. a3 Bd6 16. Kf2 Rdg8 17. b4 Kd8 18. b5 Nxd4 19. Na4 Bxg3+ 20. Kxg3 Nxe2+ 21. Kf2 Nxc1 22. Nxb6 Nd3+ 23. Kg3 axb6 24. a4 f5 25. Rhd1 h4+ 26. Kh2 g4 27. f4 g3+ 28. Kg1 h3 29. gxh3 Rxh3 30. Nf3 Nf2 31. Rf1 g2 0-1

[Event "Belgrade-chT"]
[Site "Belgrade"]
[Date "2017.10.22"]
[Round "7.7"]
[White "Ilic, Slobodan R"]
[Black "Brkic, Zoran"]
[Result "1/2-1/2"]
[WhiteElo "2053"]
[BlackElo "2083"]
[PlyCount "118"]
[EventDate "2017.10.01"]
[EventType "team-tourn"]
[EventRounds "11"]
[EventCountry "SRB"]
[SourceTitle "CBM 181 Extra"]
[Source "ChessBase"]
[SourceDate "2017.12.12"]
[SourceVersion "1"]
[SourceVersionDate "2017.12.12"]
[SourceQuality "1"]
[WhiteTeam "Borca"]
[BlackTeam "Bogoslov"]
[WhiteTeamCountry "SRB"]
[BlackTeamCountry "SRB"]

1. b3 Nf6 2. Bb2 g6 3. e4 d6 4. Be2 Bg7 5. h4 e5 6. Nc3 h6 7. Bf3 Nc6 8. Nd5 Nd4 9. Bxd4 exd4 10. d3 c6 11. Nxf6+ Bxf6 12. g3 0-0 13. Ne2 Re8 14. Qd2 Kg7 15. Kf1 Bd7 16. Re1 b5 17. Nf4 a5 18. a3 Qb6 19. Kg2 Qc5 20. Qc1 Rac8 21. Kh2 Be5 22. Rhg1 d5 23. Nh3 Qe7 24. Bg2 dxe4 25. Rxe4 Bf5 26. Ree1 Qc5 27. Qd2 b4 28. axb4 axb4 29. f4 Bd6 30. Nf2 Bc7 31. Ne4 Qb6 32. Rgf1 Be6 33. h5 Bd5 34. f5 Re5 35. hxg6 fxg6 36. fxg6 Qb8 37. Nf6 Bxg2 38. Rxe5 Bxe5 39. Nh5+ Kxg6 40. Kxg2 Rf8 41. Qe2 Rxf1 42. Qg4+ Kf7 43. Kxf1 Qd6 44. Qf5+ Ke7 45. Kg2 Qe6 46. Qe4 Kd6 47. g4 Qf7 48. Ng3 Bxg3 49. Qxd4+ Qd5+ 50. Qxd5+ Kxd5 51. Kxg3 Kd4 52. Kh4 Kc3 53. Kh5 Kxc2 54. Kxh6 Kxb3 55. g5 Kc3 56. g6 b3 57. g7 b2 58. g8Q b1Q 59. Qd5 Kd2 1/2-1/2

[Event "Novi Sad Serbian op"]
[Site "Novi Sad"]
[Date "2016.11.07"]
[Round "3"]
[White "Gouloutis, Nikolaos"]
[Black "Ilic, Slobodan R"]
[Result "1-0"]
[WhiteElo "2281"]
[BlackElo "2058"]
[PlyCount "59"]
[EventDate "2016.11.06"]
[EventType "swiss"]
[EventRounds "9"]
[EventCountry "SRB"]
[SourceTitle "CBM 175 Extra"]
[Source "ChessBase"]
[SourceDate "2016.12.12"]
[SourceVersion "1"]
[SourceVersionDate "2016.12.12"]
[SourceQuality "1"]

1. d4 Nf6 2. c4 e6 3. Nc3 c5 4. d5 exd5 5. cxd5 d6 6. e4 g6 7. Nge2 Bg7 8. Ng3 0-0 9. Be2 Re8 10. 0-0 Na6 11. Bg5 h6 12. Be3 Nc7 13. a4 a6 14. Qd2 Kh7 15. f4 Bg4 16. Rad1 Bxe2 17. Qxe2 Nd7 18. e5 dxe5 19. f5 Rf8 20. Nce4 Ne8 21. Nxc5 Nxc5 22. Bxc5 Nd6 23. Kh1 Rc8 24. Bxd6 Qxd6 25. f6 Bh8 26. Ne4 Qb4 27. b3 Qxb3 28. Rd3 Rc2 29. Qe3 Qxa4 30. Qxh6+ 1-0

[Event "Nis op"]
[Site "Nis"]
[Date "2016.07.03"]
[Round "6"]
[White "Ilic, Slobodan R"]
[Black "Benderac, Ana"]
[Result "1-0"]
[WhiteElo "2042"]
[BlackElo "2245"]
[PlyCount "51"]
[EventDate "2016.06.28"]
[EventType "swiss"]
[EventRounds "9"]
[EventCountry "YUG"]
[SourceTitle "CBM 173 Extra"]
[Source "ChessBase"]
[SourceDate "2016.08.29"]
[SourceVersion "1"]
[SourceVersionDate "2016.08.29"]
[SourceQuality "1"]

1. e4 c5 2. Nf3 d6 3. d4 cxd4 4. Nxd4 Nf6 5. Nc3 a6 6. Be2 e5 7. Nb3 Be6 8. Be3 d5 9. exd5 Nxd5 10. Nxd5 Bxd5 11. 0-0 Be7 12. c4 Bc6 13. Qxd8+ Bxd8 14. f4 e4 15. Nd4 0-0 16. b4 Bf6 17. Rac1 Rd8 18. Nb3 Nd7 19. Rfd1 Ba4 20. Rd2 Nf8 21. Rxd8 Rxd8 22. Nc5 Bc6 23. b5 axb5 24. cxb5 Bd5 25. Bc4 Bb2 26. Rd1 1-0

[Event "Belgrade Trophy 29th"]
[Site "Belgrade"]
[Date "2015.11.28"]
[Round "5"]
[White "Garic, Radomir"]
[Black "Ilic, Slobodan R"]
[Result "1-0"]
[WhiteElo "2253"]
[BlackElo "2030"]
[PlyCount "71"]
[EventDate "2015.11.24"]
[EventType "swiss"]
[EventRounds "9"]
[EventCountry "SRB"]
[SourceTitle "CBM 169 Extra"]
[Source "ChessBase"]
[SourceDate "2015.12.18"]
[SourceVersion "1"]
[SourceVersionDate "2015.12.18"]
[SourceQuality "1"]

1. e4 Nc6 2. Nc3 d6 3. Nf3 Nf6 4. d4 Bg4 5. Be3 e5 6. d5 Ne7 7. Be2 c6 8. h3 Bh5 9. 0-0 Bxf3 10. gxf3 Ng6 11. Qd2 Qd7 12. Kh2 Nh5 13. Rg1 Nhf4 14. Bf1 Nh4 15. Rg3 g5 16. Be2 Be7 17. Rag1 Kf8 18. Rh1 a6 19. Bxf4 gxf4 20. Rg4 h5 21. dxc6 bxc6 22. Rgg1 Rh6 23. Qd3 Qa7 24. Nd1 Rd8 25. Rf1 d5 26. Rhg1 Rhd6 27. exd5 f5 28. c4 cxd5 29. cxd5 Rxd5 30. Qb3 Qb8 31. Qc4 Qb4 32. Nc3 Nxf3+ 33. Kh1 Nxg1 34. Rxg1 f3 35. Nxd5 fxe2 36. Nxb4 1-0

[Event "Belgrade Trophy 29th"]
[Site "Belgrade"]
[Date "2015.11.24"]
[Round "1"]
[White "Damljanovic, Branko"]
[Black "Ilic, Slobodan R"]
[Result "1-0"]
[WhiteElo "2583"]
[BlackElo "2030"]
[PlyCount "109"]
[EventDate "2015.11.24"]
[EventType "swiss"]
[EventRounds "9"]
[EventCountry "SRB"]
[SourceTitle "CBM 169 Extra"]
[Source "ChessBase"]
[SourceDate "2015.12.18"]
[SourceVersion "1"]
[SourceVersionDate "2015.12.18"]
[SourceQuality "1"]

1. d4 Nf6 2. c4 e6 3. Nf3 c5 4. d5 exd5 5. cxd5 d6 6. Nc3 g6 7. Nd2 Bg7 8. e4 0-0 9. Be2 Re8 10. 0-0 a6 11. a4 Nbd7 12. h3 g5 13. Nc4 Nxe4 14. Nxe4 Rxe4 15. Nxd6 Rd4 16. Qc2 Ne5 17. Nf5 Bxf5 18. Qxf5 Rxd5 19. Bxg5 Qxg5 20. Qxg5 Nf3+ 21. Bxf3 Rxg5 22. Bxb7 Ra7 23. f4 Rg6 24. Bd5 Rd6 25. Bc4 Bxb2 26. Rab1 Rd2 27. Kh2 a5 28. Rf3 Re7 29. Rg3+ Kf8 30. Rg5 Re4 31. Rxc5 Rxf4 32. Kg3 Rff2 33. Bf1 Ba3 34. Rxa5 Bd6+ 35. Kh4 Rd4+ 36. g4 Be7+ 37. Kh5 Kg7 38. Re5 Bf6 39. Rc5 Be7 40. Rcb5 Rxa4 41. Re1 Bf6 42. Rd5 Raf4 43. Ba6 Rh2 44. Re3 h6 45. Bb7 Rb2 46. Rd7 Rbb4 47. Rg3 Rb6 48. Bd5 Bd4 49. Bxf7 Rxf7 50. Rxd4 Rb5+ 51. Kh4 Rb1 52. Re3 Rg1 53. Rd6 Rh1 54. Kh5 Rf4 55. Rg6+ 1-0

[Event "Belgrade tt Cup"]
[Site "Belgrade"]
[Date "2015.04.24"]
[Round "4.3"]
[White "Kostic, V Vladimir"]
[Black "Ilic, Slobodan R"]
[Result "1-0"]
[WhiteElo "2274"]
[BlackElo "2031"]
[PlyCount "49"]
[EventDate "2015.04.20"]
[EventType "team-swiss"]
[EventRounds "5"]
[EventCountry "SRB"]
[SourceTitle "CBM 166 Extra"]
[Source "ChessBase"]
[SourceDate "2015.06.18"]
[SourceVersion "1"]
[SourceVersionDate "2015.06.18"]
[SourceQuality "1"]
[WhiteTeam "Romanticari"]
[BlackTeam "Borca"]
[WhiteTeamCountry "SRB"]
[BlackTeamCountry "SRB"]

1. g3 Nf6 2. Bg2 g6 3. c4 Bg7 4. Nc3 0-0 5. d4 d6 6. Nf3 Na6 7. 0-0 c5 8. h3 Rb8 9. Be3 b6 10. Qd2 Nc7 11. Rfd1 Bb7 12. Rac1 Ne4 13. Nxe4 Bxe4 14. b4 cxb4 15. Qxb4 b5 16. d5 Bxf3 17. Bxf3 bxc4 18. Qxc4 Rb7 19. Qc6 Qb8 20. a4 Rd8 21. Be4 f5 22. Rb1 Nb5 23. Rxb5 Rxb5 24. axb5 fxe4 25. Rc1 1-0

[Event "Belgrade tt Cup"]
[Site "Belgrade"]
[Date "2015.04.21"]
[Round "2.3"]
[White "Jakovljevic, Zivota"]
[Black "Ilic, Slobodan R"]
[Result "1/2-1/2"]
[WhiteElo "2050"]
[BlackElo "2031"]
[PlyCount "50"]
[EventDate "2015.04.20"]
[EventType "team-swiss"]
[EventRounds "5"]
[EventCountry "SRB"]
[SourceTitle "CBM 166 Extra"]
[Source "ChessBase"]
[SourceDate "2015.06.18"]
[SourceVersion "1"]
[SourceVersionDate "2015.06.18"]
[SourceQuality "1"]
[WhiteTeam "Belgrade Partizan"]
[BlackTeam "Borca"]
[WhiteTeamCountry "SRB"]
[BlackTeamCountry "SRB"]

1. d4 Nf6 2. c4 c5 3. d5 e6 4. Nc3 exd5 5. cxd5 d6 6. Nf3 g6 7. e4 a6 8. a4 Bg7 9. Bd3 0-0 10. 0-0 Bg4 11. h3 Bxf3 12. Qxf3 Nbd7 13. Qd1 Rc8 14. Be3 Re8 15. Qd2 c4 16. Bc2 Nc5 17. f3 Nfd7 18. Bd4 Ne5 19. f4 Ned3 20. Bxg7 Kxg7 21. Rab1 Qb6 22. Kh2 Nb4 23. f5 f6 24. fxg6 hxg6 25. Qf2 Nd7 1/2-1/2

[Event "Belgrade-chT"]
[Site "Belgrade"]
[Date "2014.10.26"]
[Round "8"]
[White "Ilic, Slobodan R"]
[Black "Stamatovic, Aleksandar"]
[Result "0-1"]
[WhiteElo "2046"]
[BlackElo "2189"]
[PlyCount "113"]
[EventDate "2014.10.04"]
[EventType "team-tourn"]
[EventRounds "13"]
[EventCountry "SRB"]
[SourceTitle "EXT 2015"]
[Source "ChessBase"]
[SourceDate "2014.11.20"]
[SourceVersion "1"]
[SourceVersionDate "2014.11.20"]
[SourceQuality "1"]

1. c4 e5 2. Nc3 Bb4 3. Nd5 Ba5 4. Qc2 c6 5. Ne3 Ne7 6. Nf3 Bc7 7. Ng4 d6 8. h3 Na6 9. b3 0-0 10. Bb2 f5 11. Ngh2 Ng6 12. e3 c5 13. 0-0-0 e4 14. Ne1 Nb4 15. Qb1 Qe7 16. a3 Nc6 17. f4 a6 18. g4 Rb8 19. Rg1 b5 20. gxf5 Bxf5 21. Rg5 Na5 22. Qc2 d5 23. cxb5 axb5 24. Kb1 b4 25. a4 d4 26. Ng4 d3 27. Nxd3 exd3 28. Bxd3 Bxd3 29. Qxd3 Rbd8 30. Qc2 Rf7 31. Rxc5 Bb6 32. Rb5 Qd6 33. Ne5 Rc7 34. Nc4 Nxc4 35. bxc4 Bxe3 36. Be5 Nxe5 37. fxe5 Qd4 38. d3 Bf4 39. Re1 Qxd3 40. Qxd3 Rxd3 41. Rxb4 Rd4 42. e6 Kf8 43. Rb8+ Ke7 44. Rg8 Bh6 45. Rf1 Rcxc4 46. a5 Rc5 47. Ra8 Kxe6 48. Re1+ Kd7 49. Ra7+ Kc6 50. Re6+ Kb5 51. a6 Rb4+ 52. Ka2 Rc6 53. Re5+ Ka4 54. Re2 Rcb6 55. Rb7 Rxb7 56. axb7 Rb6 57. Ka1 0-1